Kluby piłkarskie Hauts-de-France - nagła śmierć - Statystyki

Ogólne statystyki
  • Ten quiz został rozwiązany 5 razy
  • Średni wynik to 3 z 7
Answers on the Grid
Answers color-coded by a green-red scale on the quiz's grid according to % correct below.
LOSC Lille
Red Star FC
USL Dunkerque
FC Metz
Amiens SC
Valenciennes FC
AJ Auxerre
US Créteil-Lusitanos
US Boulogne
Vannes OC
FC Chambly Oise
RC Lens
 
Statystyki odpowiedzi
Odpowiedź % Poprawnych
LOSC Lille
80%
RC Lens
80%
Amiens SC
40%
USL Dunkerque
40%
FC Chambly Oise
20%
US Boulogne
20%
Valenciennes FC
20%
Nie znaleziono quizów pasujących do podanych kryteriów
Rozkład punktacji
Procent ludzi z każdym wynikiem
Percentyl według liczby udzielonych odpowiedzi
Twoja historia wyników
Nie rozwiązałeś tego quizu